| 000 | 00517nam a2200181Ia 4500 | ||
|---|---|---|---|
| 005 | 20250508165515.0 | ||
| 008 | 008 250505s9999 xx 000 0 eng d | ||
| 037 | _aDissertations | ||
| 040 |
_aFEDL _beng _cFEDL |
||
| 041 |
_aeng _2eng |
||
| 084 |
_a370.152, UTK/DI _qFEDL |
||
| 100 |
_aUtkarsh Kumar _9553993 |
||
| 245 | 0 | _aStudy of scientific cognition: A case study of thought experiments | |
| 260 | _c2015 | ||
| 300 | _a200p. | ||
| 942 |
_cDIS _h370.152, UTK/DI |
||
| 999 |
_c1395536 _d1395536 |
||